[Event "18th HZ Open 2014"]
[Site "Vlissingen NED"]
[Date "2014.08.09"]
[Round "9.37"]
[White "Tikranian, Alik"]
[Black "Timmermans, I."]
[Result "1-0"]
[WhiteElo "2008"]
[BlackElo "2203"]
[PlyCount "95"]
[EventDate "2014.08.02"]
[EventType "swiss"]
[EventRounds "9"]
[EventCountry "NED"]
[Source "Mark Crowther"]
[SourceDate "2014.08.11"]

1. e4 e5 2. Nf3 Nc6 3. Bb5 a6 4. Ba4 Nf6 5. d3 b5 6. Bb3 Be7 7. O-O O-O 8. Bg5
d6 9. Nbd2 Na5 10. Re1 h6 11. Bh4 Nxb3 12. axb3 Re8 13. Nf1 c6 14. Ne3 Be6 15.
Qe2 Bf8 16. Rad1 c5 17. Nd2 g6 18. Nb1 Bg7 19. Bxf6 Bxf6 20. Nc3 Bg7 21. Qf3
Rf8 22. Ra1 f5 23. exf5 b4 24. Ncd5 gxf5 25. Nc4 Ra7 26. Nd2 Qa8 27. Nb6 Qxf3
28. Nxf3 Rb8 29. Nc4 Bf8 30. Nfd2 Bc8 31. g3 Rg7 32. f3 Bb7 33. Kf2 Rg6 34. Rg1
Kf7 35. Rae1 Be7 36. Re2 h5 37. Rge1 h4 38. Rxe5 hxg3+ 39. hxg3 dxe5 40. Nxe5+
Kg7 41. Nxg6 Bf6 42. Nf4 Bxb2 43. Nc4 Bd4+ 44. Kg2 Bc6 45. Nd6 Bc3 46. Re6 Kg8
47. Nxf5 Bd7 48. Nh6+ 1-0

[Event "18th HZ Open 2014"]
[Site "Vlissingen NED"]
[Date "2014.08.09"]
[Round "9.38"]
[White "De Vleeschauwer, M."]
[Black "Lacrosse, M."]
[Result "0-1"]
[WhiteElo "1989"]
[BlackElo "2174"]
[PlyCount "54"]
[EventDate "2014.08.02"]
[EventType "swiss"]
[EventRounds "9"]
[EventCountry "NED"]
[Source "Mark Crowther"]
[SourceDate "2014.08.11"]

1. e4 e5 2. Nf3 Nc6 3. Bc4 Bc5 4. c3 Nf6 5. d3 a6 6. Bb3 Ba7 7. Nbd2 O-O 8. Qe2
h6 9. Nf1 d5 10. Ng3 Be6 11. Bc2 Qd6 12. h3 Rfe8 13. Nh4 Ne7 14. Qf3 Nh7 15.
Nh5 g5 16. Nf5 Nxf5 17. exf5 e4 18. dxe4 dxe4 19. Qg4 Bd7 20. O-O Qe5 21. Bf4
Qxf5 22. Qxf5 Bxf5 23. Bxc7 Bg6 24. Ng3 Rac8 25. Bd6 Rc6 26. Ba3 e3 27. Bb3
exf2+ 0-1

[Event "18th HZ Open 2014"]
[Site "Vlissingen NED"]
[Date "2014.08.09"]
[Round "9.39"]
[White "Stolwijk, Colin"]
[Black "Hummel, J."]
[Result "1-0"]
[WhiteElo "2164"]
[BlackElo "1996"]
[PlyCount "65"]
[EventDate "2014.08.02"]
[EventType "swiss"]
[EventRounds "9"]
[EventCountry "NED"]
[Source "Mark Crowther"]
[SourceDate "2014.08.11"]

1. e4 c5 2. Nf3 d6 3. Bb5+ Bd7 4. Bxd7+ Qxd7 5. c4 Nc6 6. d4 cxd4 7. Nxd4 Nf6
8. f3 g6 9. Be3 Bg7 10. O-O O-O 11. Nc3 Rac8 12. b3 a6 13. a4 Qc7 14. Qd2 e6
15. Rfd1 Rfd8 16. Nxc6 bxc6 17. a5 c5 18. Bf4 Qb7 19. Rab1 Nd7 20. Ne2 Nb8 21.
b4 cxb4 22. Rxb4 Qc7 23. Rb6 e5 24. Bg5 f6 25. Be3 Bf8 26. Qd5+ Qf7 27. Rdb1
Nd7 28. Rxa6 Rxc4 29. Ra7 Qxd5 30. exd5 Rc2 31. Bb6 Nxb6 32. axb6 Bh6 33. Kf2
1-0

[Event "18th HZ Open 2014"]
[Site "Vlissingen NED"]
[Date "2014.08.09"]
[Round "9.40"]
[White "Voege, Tobias"]
[Black "Boelhouwer, Collin"]
[Result "1-0"]
[WhiteElo "1990"]
[BlackElo "2148"]
[PlyCount "103"]
[EventDate "2014.08.02"]
[EventType "swiss"]
[EventRounds "9"]
[EventCountry "NED"]
[Source "Mark Crowther"]
[SourceDate "2014.08.11"]

1. c4 e5 2. g3 f5 3. Bg2 g6 4. Nc3 Bg7 5. d3 Nf6 6. e3 O-O 7. Nge2 Nc6 8. O-O
d6 9. Rb1 Ne7 10. b4 c6 11. a4 a6 12. b5 axb5 13. axb5 Be6 14. Qb3 g5 15. f4
gxf4 16. exf4 Qc7 17. Kh1 Ng4 18. h3 Nf6 19. Be3 Nd7 20. Ra1 Kh8 21. Ra3 Nc5
22. Bxc5 dxc5 23. bxc6 bxc6 24. Qa2 Rxa3 25. Qxa3 Qd6 26. Na4 exf4 27. Qxc5 Qd7
28. Nxf4 Bd4 29. Qa5 Bf7 30. Nc3 Ng6 31. Nce2 Bf6 32. Qc5 Rc8 33. Nh5 Be5 34.
Nhf4 Bg7 35. Kh2 Ne5 36. Nd4 Nxd3 37. Qxf5 Qxf5 38. Nxf5 Bxc4 39. Nd6 Nxf4 40.
Rxf4 Ba6 41. Nxc8 Bxc8 42. Bxc6 Be6 43. Re4 Bf7 44. Re7 Kg8 45. Be4 h6 46. Rb7
Be5 47. Kg2 Bf6 48. h4 Be6 49. Bc6 Bd4 50. Kf3 Bc5 51. Rb5 Be7 52. Bd5 1-0

[Event "18th HZ Open 2014"]
[Site "Vlissingen NED"]
[Date "2014.08.09"]
[Round "9.41"]
[White "Gijsen, S."]
[Black "Senders, Justin"]
[Result "1-0"]
[WhiteElo "2144"]
[BlackElo "1994"]
[PlyCount "89"]
[EventDate "2014.08.02"]
[EventType "swiss"]
[EventRounds "9"]
[EventCountry "NED"]
[Source "Mark Crowther"]
[SourceDate "2014.08.11"]

1. e4 Nf6 2. e5 Nd5 3. d4 d6 4. c4 Nb6 5. exd6 exd6 6. Nc3 Be7 7. Be3 Nc6 8.
Rc1 O-O 9. b3 Re8 10. d5 Ne5 11. Be2 Bf5 12. Qd2 Qd7 13. f4 Bh4+ 14. g3 Nexc4
15. bxc4 Nxc4 16. Bxc4 Rxe3+ 17. Qxe3 Re8 18. Qxe8+ Qxe8+ 19. Kf2 Bf6 20. Nf3
c6 21. Rhe1 Qd8 22. Kg2 b5 23. Bb3 b4 24. Ne4 Bxe4 25. Rxe4 Bc3 26. dxc6 h6 27.
Rc4 Qc7 28. Rd1 Kh7 29. Bc2+ g6 30. Be4 f5 31. Bd5 Kg7 32. Kh3 a5 33. Nd4 Bxd4
34. Rcxd4 g5 35. fxg5 hxg5 36. Kg2 Qe7 37. Bc4 g4 38. R1d2 a4 39. Be2 b3 40.
axb3 axb3 41. Rxd6 Qe4+ 42. Kf2 f4 43. Rd7+ Kh6 44. Bxg4 b2 45. R2d6+ 1-0

[Event "18th HZ Open 2014"]
[Site "Vlissingen NED"]
[Date "2014.08.09"]
[Round "9.42"]
[White "Stange, S."]
[Black "Schouten, Jordy"]
[Result "1-0"]
[WhiteElo "2137"]
[BlackElo "1984"]
[PlyCount "61"]
[EventDate "2014.08.02"]
[EventType "swiss"]
[EventRounds "9"]
[EventCountry "NED"]
[Source "Mark Crowther"]
[SourceDate "2014.08.11"]

1. d4 f5 2. g3 e6 3. Bg2 Nf6 4. c4 d5 5. Bf4 c6 6. Nc3 Be7 7. Nf3 O-O 8. c5 b5
9. cxb6 axb6 10. Ne5 Nfd7 11. Nd3 c5 12. Nxd5 Ra7 13. Nxe7+ Qxe7 14. dxc5 bxc5
15. Qb3 Ba6 16. Qc3 Bxd3 17. Qxd3 e5 18. Bd2 e4 19. Qd5+ Kh8 20. O-O Nb6 21.
Qb3 N8d7 22. f3 exf3 23. exf3 c4 24. Qe3 Qf7 25. Rfe1 h6 26. f4 c3 27. Bxc3
Rxa2 28. Rxa2 Qxa2 29. Qe7 Rf7 30. Qe8+ Rf8 31. Qg6 1-0

[Event "18th HZ Open 2014"]
[Site "Vlissingen NED"]
[Date "2014.08.09"]
[Round "9.43"]
[White "Van Houtte, R."]
[Black "Gieben, Stijn"]
[Result "1-0"]
[WhiteElo "1967"]
[BlackElo "2134"]
[PlyCount "72"]
[EventDate "2014.08.02"]
[EventType "swiss"]
[EventRounds "9"]
[EventCountry "NED"]
[Source "Mark Crowther"]
[SourceDate "2014.08.11"]

1. d4 d5 2. Nf3 Nf6 3. e3 c6 4. c4 e6 5. Nc3 Nbd7 6. Be2 dxc4 7. Bxc4 b5 8. Bd3
Bd6 9. O-O O-O 10. e4 e5 11. dxe5 Nxe5 12. Nxe5 Bxe5 13. h3 Re8 14. Qc2 Nh5 15.
Ne2 Qh4 16. f4 Bc7 17. Rf3 Bb6+ 18. Be3 Bxe3+ 19. Rxe3 Nxf4 20. Nxf4 Qxf4 21.
Rf3 Qc7 22. Rc1 Bd7 23. Qf2 Qd6 24. Bb1 Re5 25. Kh1 f6 26. Rd3 Qe7 27. Rcd1 Be8
28. Rd6 c5 29. R6d5 Rc8 30. Qd2 h6 31. a3 c4 32. Qd4 Kh7 33. Rxe5 fxe5 34. Qd5
Bc6 35. Qd6 Rc7 36. Bc2 Rd7 1-0

[Event "18th HZ Open 2014"]
[Site "Vlissingen NED"]
[Date "2014.08.09"]
[Round "9.44"]
[White "Reichardt, Jasper"]
[Black "Rosmuller, A."]
[Result "0-1"]
[WhiteElo "1880"]
[BlackElo "2104"]
[PlyCount "118"]
[EventDate "2014.08.02"]
[EventType "swiss"]
[EventRounds "9"]
[EventCountry "NED"]
[Source "Mark Crowther"]
[SourceDate "2014.08.11"]

1. c4 Nf6 2. Nc3 g6 3. g3 Bg7 4. Bg2 O-O 5. Nf3 d6 6. O-O Nbd7 7. Rb1 a5 8. a3
Nb6 9. d3 a4 10. Be3 Nfd7 11. Nd4 Ne5 12. Nf3 Nxf3+ 13. Bxf3 c5 14. Qc1 Re8 15.
Bh6 Bd4 16. Nb5 Bh8 17. Bd2 Nd7 18. Bc3 Ne5 19. Bg2 Bg4 20. f3 Bd7 21. f4 Nc6
22. Bxh8 Kxh8 23. e3 Qa5 24. Rd1 Kg8 25. Nc3 Qd8 26. Ne4 Bg4 27. Re1 Qd7 28.
Qc3 Qc7 29. Nd2 Bd7 30. Ra1 Ra6 31. Reb1 Rea8 32. Bxc6 Bxc6 33. e4 Qa5 34. Ra2
b5 35. b4 cxb4 36. Qxb4 bxc4 37. Nxc4 Qh5 38. Qd2 d5 39. Ne5 dxe4 40. Nxc6 Rxc6
41. dxe4 Rac8 42. Qe3 Rc3 43. Qf2 Qh3 44. Rd1 h5 45. Rad2 Kh7 46. f5 g5 47. f6
e6 48. Rd7 Kg6 49. Qe2 Rc2 50. R1d2 Rc1+ 51. Rd1 h4 52. gxh4 Qxh4 53. e5 Qc4
54. Qf3 Qc5+ 55. Kf1 Qxe5 56. Ra7 R8c3 57. Qe2 Qf4+ 58. Ke1 Rxd1+ 59. Qxd1 Rc1
0-1

[Event "18th HZ Open 2014"]
[Site "Vlissingen NED"]
[Date "2014.08.09"]
[Round "9.46"]
[White "Ducarmon, R."]
[Black "Van der Klis, Dick"]
[Result "1/2-1/2"]
[WhiteElo "2099"]
[BlackElo "1941"]
[PlyCount "67"]
[EventDate "2014.08.02"]
[EventType "swiss"]
[EventRounds "9"]
[EventCountry "NED"]
[Source "Mark Crowther"]
[SourceDate "2014.08.11"]

1. e4 d6 2. d4 Nf6 3. Nc3 g6 4. f3 Bg7 5. Be3 c6 6. Qd2 b5 7. Bh6 O-O 8. Bxg7
Kxg7 9. O-O-O a6 10. h4 h5 11. Be2 Qc7 12. Nh3 c5 13. d5 b4 14. Nb1 a5 15. c3
bxc3 16. Qxc3 a4 17. g4 Qa5 18. Qe3 Ba6 19. Nf4 Rh8 20. Rdg1 Bxe2 21. Qxe2 hxg4
22. fxg4 Qa6 23. Qc2 Nbd7 24. Qc3 Ne5 25. Nd2 Qa5 26. h5 Qxc3+ 27. bxc3 Nfxg4
28. hxg6 Rxh1 29. Rxh1 Nxg6 30. Nh5+ Kf8 31. Nf4 Kg8 32. Nh5 Kf8 33. Nf4 Kg8
34. Nh5 1/2-1/2

[Event "18th HZ Open 2014"]
[Site "Vlissingen NED"]
[Date "2014.08.09"]
[Round "9.47"]
[White "Sinke, W."]
[Black "Goossens, R."]
[Result "0-1"]
[WhiteElo "1877"]
[BlackElo "2093"]
[PlyCount "64"]
[EventDate "2014.08.02"]
[EventType "swiss"]
[EventRounds "9"]
[EventCountry "NED"]
[Source "Mark Crowther"]
[SourceDate "2014.08.11"]

1. e4 c5 2. Nf3 Nc6 3. d4 cxd4 4. Nxd4 Nf6 5. Nc3 d6 6. f3 e5 7. Nb3 Be7 8. Bg5
O-O 9. Qd2 h6 10. Bh4 Nxe4 11. fxe4 Bxh4+ 12. g3 Bg5 13. Qf2 Be6 14. h4 Be7 15.
O-O-O a5 16. Na4 Qc7 17. Qb6 Rac8 18. Kb1 Rfd8 19. Bh3 Qb8 20. Nxa5 Bxh3 21.
Rxh3 Nxa5 22. Qxa5 Rxc2 23. Nc3 Rg2 24. Nd5 Kf8 25. Rc1 Rc8 26. Rhh1 Rc6 27.
Qb5 Qc8 28. Nb4 Rc5 29. Qb6 Qd7 30. Qa7 g6 31. Rhd1 Qb5 32. Rc2 Qxb4 0-1

[Event "18th HZ Open 2014"]
[Site "Vlissingen NED"]
[Date "2014.08.09"]
[Round "9.48"]
[White "Sekandar, K."]
[Black "Wuytens, Robin"]
[Result "1-0"]
[WhiteElo "2093"]
[BlackElo "1692"]
[PlyCount "70"]
[EventDate "2014.08.02"]
[EventType "swiss"]
[EventRounds "9"]
[EventCountry "NED"]
[Source "Mark Crowther"]
[SourceDate "2014.08.11"]

1. e4 c5 2. c3 d5 3. exd5 Qxd5 4. Nf3 Bg4 5. Be2 Nf6 6. O-O e6 7. d4 Nc6 8. Be3
cxd4 9. cxd4 Be7 10. Nc3 Qd8 11. Qb3 Qb6 12. Qc4 Nd5 13. Nxd5 exd5 14. Qxd5
Qxb2 15. Qe4 Qxe2 16. Qxg4 O-O 17. d5 f5 18. Qa4 Nb4 19. Qd7 Bf6 20. Rab1 Rf7
21. Qe6 Nd3 22. Rxb7 Raf8 23. Rxf7 Rxf7 24. Qc8+ Rf8 25. Qxf5 a5 26. a4 Re8 27.
h3 h6 28. Bxh6 Bd4 29. Qg4 Re4 30. Qg6 Kh8 31. Nxd4 Qxf1+ 32. Kh2 Re7 33. Nf5
Qa1 34. Nxe7 Qe5+ 35. Qg3 gxh6 1-0

[Event "18th HZ Open 2014"]
[Site "Vlissingen NED"]
[Date "2014.08.09"]
[Round "9.50"]
[White "Kampman, T."]
[Black "Mesman, Edwyn"]
[Result "1-0"]
[WhiteElo "2090"]
[BlackElo "1739"]
[PlyCount "51"]
[EventDate "2014.08.02"]
[EventType "swiss"]
[EventRounds "9"]
[EventCountry "NED"]
[Source "Mark Crowther"]
[SourceDate "2014.08.11"]

1. c4 Nf6 2. Nf3 d5 3. b3 d4 4. g3 Nc6 5. d3 e5 6. Bg2 Bf5 7. h3 Bb4+ 8. Bd2
Bxd2+ 9. Nbxd2 Qd7 10. g4 Bg6 11. Nh4 Ng8 12. Nxg6 hxg6 13. a3 f5 14. g5 Nge7
15. b4 Rh5 16. h4 Kf7 17. b5 Nd8 18. Qb3 c6 19. c5+ Ne6 20. Nc4 Ke8 21. Nxe5
Qc8 22. Rc1 a6 23. bxc6 Nxc6 24. Nxc6 bxc6 25. Rb1 Nxc5 26. Qg8+ 1-0